000 01024nas a2200301 4500
001 BR7905979
003 BR-BrBNA
005 20231205083944.0
007 ta
008 230509b bl.|||p| |||| 00| 00por d
040 _aBR-BrBNA
_bpor
_cBiblioteca Nacional de Agricultura
041 _a(Pt)
072 _aL20; P00; K10
100 1 _aAlmeida, A.F. de (Escola Superior de Agricultura Luiz de Queiroz, Piracicaba, SP (Brazil). Depto. de Silvicultura)
245 1 _aInfluencia do tipo de vegetacao nas populacoes de aves em uma floresta implantada de Pinus spp, na regiao de Agudos, Sao Paulo [Pinheiro; Brasil]
650 _aEcologia animal
650 _aRecurso natural
650 _aProducao florestal
650 _aPinheiro
650 _aPassaro
650 _aFauna
650 _aReflorestamento
650 _aConservacao
650 _aSao Paulo
773 0 _tIPEF (Brazil)
_xISSN 0100-4557
_g(Jun 1979), (no. 18) p. 59-77
_wBR7905979
909 _a202311
_bLúcia
_c55
_dLúcia Elande
942 _2AGRIS
_n0
_cANA
999 _c102243
_d102243